000 00373nam a2200157Ia 4500
003 Ost
005 20260225132554.0
008 260225s9999||||xx |||||||||||||| ||und||
040 _cfsic
041 _afre
082 _a440
100 _aGuedj Alexis
_eAuteur
245 0 _aLa Protection des sources journalistique mémoire /
245 0 _cGuedj Alexis
942 _cكتاب
999 _c34358
_d34358